000
00344 a2200157 4500
001
190054
020
_a
978-85-7673-142-9
040
_c
Magnum
100
_a
Belinky, Tatiana
240
1
0
_a
Um zoológico de papel
_l
por
245
1
0
_a
Um zoológico de papel
300
_a
23
362
0
_a
2008
697
_a
LITERATURA INFANTIL
942
_c
BK
999
_c
190054
_d
190054